000 01092nam a2200277 a 4500
001 ebr10670458
003 CaPaEBR
006 m u
007 cr cn|||||||||
008 130322t20132012enk sb 000 0 eng d
020 _z9780227173954
020 _z9780227901670 (e-book)
040 _aCaPaEBR
_cCaPaEBR
035 _a(OCoLC)841169575
050 1 4 _aB105.W65
_bP73 2013eb
245 0 0 _aPractices of wonder
_h[electronic resource] :
_bcross-disciplinary perspectives /
_cedited by Sophia Vasalou.
260 _aCambridge :
_bJames Clarke & Co.,
_c2013, c2012.
300 _axii, 249 p.
504 _aIncludes bibliographical references.
533 _aElectronic reproduction.
_bPalo Alto, Calif. :
_cebrary,
_d2013.
_nAvailable via World Wide Web.
_nAccess may be limited to ebrary affiliated libraries.
650 0 _aWonder (Philosophy)
655 7 _aElectronic books.
_2local
700 1 _aVasalou, Sophia.
710 2 _aebrary, Inc.
856 4 0 _uhttp://site.ebrary.com/lib/rucke/Doc?id=10670458
_zAn electronic book accessible through the World Wide Web; click to view
999 _c161935
_d161935